| 000 | 00616nam a2200217 a 4500 | ||
|---|---|---|---|
| 001 | 74676 | ||
| 003 | BD-RjUL | ||
| 005 | 20211209082603.0 | ||
| 008 | 181117s1950 enk||||| i||| 001 0 eng d | ||
| 035 | _a(BD-RjUL)74894 | ||
| 040 |
_aBD-RjUL _beng _cBD-RjUL |
||
| 041 | _aeng | ||
| 082 |
_223 _a570 _bBRC 1950 |
||
| 100 | 1 | _4Branfield, Wilfred | |
| 245 | 1 | 0 |
_aContinuous Creation : a biological concept of the nature of matter / _cWilfred Branfield |
| 260 |
_aLondon : _bRoutled & Kegan paul ltd, _c1950 |
||
| 300 |
_a119 p. ; _c22 cm |
||
| 500 | _aIncludes Index | ||
| 650 |
_aBiology _9224984 |
||
| 942 |
_2ddc _cBK |
||
| 999 |
_c74676 _d74676 |
||